Southville International School and Colleges
Your cart is empty.
  • Cart
  • Lists
    Public lists Eva Luna New books Lux_list list_1
    Your lists Log in to create your own lists
  • Log in to your account
  • Your cookies
  • Search history
Southville International School and Colleges
  • Advanced search
  • Recent comments
  • Most popular
  • Libraries

Log in to your account

Log in with GOOGLE


If you do not have an external account, but do have a local account, you can still log in:

  1. Home
  2. MARC view: The Pearl Story Book :
Normal view MARC view ISBD view

The Pearl Story Book : (Record no. 263826)

[ view plain ]
MARC details
000 -LEADER
fixed length control field 00828cam a22002773a 4500
001 - CONTROL NUMBER
control field 34571
003 - CONTROL NUMBER IDENTIFIER
control field PGUSA
005 - DATE AND TIME OF LATEST TRANSACTION
control field 20140828083739.0
008 - FIXED-LENGTH DATA ELEMENTS--GENERAL INFORMATION
fixed length control field 101206s2010||||xxu|||||s|||||000 | eng d
040 ## - CATALOGING SOURCE
Original cataloging agency PGUSA
Language of cataloging eng
042 ## - AUTHENTICATION CODE
Authentication code dc
050 #4 - LIBRARY OF CONGRESS CALL NUMBER
Classification number PZ
245 14 - TITLE STATEMENT
Title The Pearl Story Book :
Remainder of title Stories and Legends of Winter, Christmas, and New Year's Day
Medium [electronic resource]
260 ## - PUBLICATION, DISTRIBUTION, ETC. (IMPRINT)
Name of publisher, distributor, etc Project Gutenberg,
Date of publication, distribution, etc 2010
506 ## - RESTRICTIONS ON ACCESS NOTE
Terms governing access Public domain in the USA.
516 ## - TYPE OF COMPUTER FILE OR DATA NOTE
Type of computer file or data note Electronic text
653 ## - INDEX TERM--UNCONTROLLED
Uncontrolled term Children's stories
653 ## - INDEX TERM--UNCONTROLLED
Uncontrolled term New Year
653 ## - INDEX TERM--UNCONTROLLED
Uncontrolled term Christmas stories
653 ## - INDEX TERM--UNCONTROLLED
Uncontrolled term Christmas
700 1# - ADDED ENTRY--PERSONAL NAME
Personal name Skinner, Ada M.
Fuller form of name (Ada Maria),
Dates associated with a name 1878-
700 1# - ADDED ENTRY--PERSONAL NAME
Personal name Skinner, Eleanor L.
Fuller form of name (Eleanor Louise),
Dates associated with a name 1872-
830 #0 - SERIES ADDED ENTRY--UNIFORM TITLE
Uniform title Project Gutenberg
Volume number/sequential designation 34571
856 40 - ELECTRONIC LOCATION AND ACCESS
Uniform Resource Identifier <a href="http://www.gutenberg.org/ebooks/34571">http://www.gutenberg.org/ebooks/34571</a>
942 ## - ADDED ENTRY ELEMENTS (KOHA)
Koha item type eBooks
Holdings
Withdrawn status Lost status Damaged status Home library Current library Date acquired Total Checkouts Date last seen Price effective from Koha item type
      Project Gutenberg Project Gutenberg 08/28/2014   08/28/2014 08/28/2014 eBooks

The Pearl Story Book :

APA

Skinner A. M., Skinner E. L., . (2010). The Pearl Story Book. : Project Gutenberg.

Chicago

Skinner Ada M, Skinner Eleanor L, . 2010. The Pearl Story Book. : Project Gutenberg.

Harvard

Skinner A. M., Skinner E. L., . (2010). The Pearl Story Book. : Project Gutenberg.

MLA

Skinner Ada M, Skinner Eleanor L, . The Pearl Story Book. : Project Gutenberg. 2010.

  • Place hold
  • Print
  • Cite
  • Add to your cart (remove)
  • Save record
    BIBTEX Dublin Core MARCXML MARC (non-Unicode/MARC-8) MARC (Unicode/UTF-8) MARC (Unicode/UTF-8, Standard) MODS (XML) RIS
  • More searches
    Search for this title in:
    Other Libraries (WorldCat) Other Databases (Google Scholar) Online Stores (Bookfinder.com) Open Library (openlibrary.org)

Exporting to Dublin Core...

SOUTHVILLE LIBRARY

Southville International School and Colleges Library

1281 Tropical Ave. Cor. Luxembourg St., BF Homes International, Las Pinas City

Tel. No. 8256374 / 252358 Loc. 117/146

Powered by Koha